000 02522nam a2200373 a 4500
001 0000213
003 DO-SdBNP
005 20180312110504.0
007 0000213
008 150130s2014 dr ac 000 0 spa d
020 _a9789945118865 (v. 1)
020 _a9789945118896 (v. 2)
020 _a9789945118834 (v. 3)
040 _aBPMSU
_bspa
_cBPMSU
092 _a372.7
_bS237m, 3ro 2014
100 1 _aSantos, Altagracia
245 1 0 _aMatemáticas 3 :
_beducación primaria /
_cAltagracia Santos; edición Andrés Molina Maloon
260 _aSanto Domingo :
_bSantillana,
_c2014.
300 _a3 v.
_bil., retrs.,
_c28 cm. +
_eCD-ROM ;
490 1 _aProyecto todos juntos
505 _gv. 1 : Libro texto .-
_tLas unidades de millar --
_tAdicción y sustracción --
_tMultiplicación --
_tDivisión --
_gProyecto 1: Cuentos matemáticas --
_tDecenas de millar --
_tFracciones --
_tUnidades de longitud --
_tÁrea --
_gProyecto 2: Construcción de un geoplano --
_tÁngulos --
_tFiguras y cuerpos geométricos --
_tMedidas --
_tRecolección y análisis de datos --
_gProyecto 3: Matemáticas en la prensa --
505 _gv. 2 : Guía. -
_gGuía didáctica: recursos didácticos para el profesorado --
_tUn proyecto bien fundamentado --
_tLas claves del preyecto --
_tEl proyecto todos juntos en el nuevo sistema curricular --
_tLos instrumentos del nuevo sistema curricular --
_tCompetencias e indicadores de logro para las matemáticas en el primer ciclo del nivel primario --
_tSecuencia de contenidos del primer ciclo del nivel primario --
_tMateriales para el estudiante --
_tMateriales para el docente --
_tEl texto escolar --
_tLos proyectos --
_tEl cuaderno de actividades --
_tEl libromedia --
_tLa guía didáctica --
_tMapa de contenidos --
505 _gv. 3 : Cuaderno.-
_gCuaderno: fichas de actividades --
_tLas unidades de millar --
_tAdición y sustracción --
_tMultiplicación --
_tDivisión --
_tDecenas de millar --
_tFracciones --
_tUnidades de longitud --
_tÁrea --
_tÁngulos --
_tFiguras y cuerpos geométricos --
_tMedidas --
_tRecolección y análisis de datos --
650 _aMATEMÁTICAS
_xENSEÑANZA BÁSICA
650 4 _aEDUCACIÓN PRMARIA
_zREPÚBLICA DOMINICANA
650 4 _aMATEMÁTICAS
_xENSEÑANZA ELEMENTAL
650 4 _aMATEMÁTICAS
_xESTUDIOS Y EJERCICIOS
650 4 _aMATEMÁTICAS
_xLIBROS DE TEXTOS
700 1 2 _aMolina Maloon, Andrés,
_eed.
830 0 _aProyecto todos juntos
942 _2ddc
_cBK
945 _aRemanejado para BNPHU / 2018 BT
956 _aYLOCKWARD
_b10
_c20150702
_lBND01
_h1429
999 _c9453
_d9453